MARC

LEADER 00000nam0a2200000 4500
001 22331
005 20231030194646.0
010 |a 5314000164 
035 |a (RuTPU)RU\TPU\book\22544 
035 |a BOOK00000307 
090 |a 22331 
100 |a 20011209d2000 m y0rusy50 ca 
101 0 |a rus 
102 |a RU 
105 |a a j 000zy 
200 1 |a Основы общей психологии  |e учебное пособие  |f С. Л. Рубинштейн 
205 |a 4-е изд. 
210 |a СПб.  |c Питер  |d 2000 
215 |a 712 с.  |c ил. 
225 1 |a Мастера психологии 
451 1 |0 (RuTPU)RU\TPU\book\40192  |y 5-314-00016-4  |t Основы общей психологии  |f С. Л. Рубинштейн  |c СПб  |n Питер  |d 2002  |p 720 с.  |a Рубинштейн, С. Л.  
451 1 |0 (RuTPU)RU\TPU\book\8258  |y 5314000164  |t Основы общей психологии  |f С. Л. Рубинштейн  |c СПб.  |n Питер Ком  |d 1998  |p 688 с.  |s Мастера психологии  |a Рубинштейн, Сергей Леонидович 
610 1 |a психология 
610 1 |a теория 
610 1 |a история 
610 1 |a психика 
610 1 |a ощущение 
610 1 |a сознание 
610 1 |a развитие 
610 1 |a темперамент 
610 1 |a воля 
610 1 |a характер 
610 1 |a эмоции 
610 1 |a способности 
610 1 |a личность 
610 1 |a деятельность 
610 1 |a речь 
610 1 |a внимание 
610 1 |a мышление 
610 1 |a воображение 
610 1 |a память 
610 1 |a восприятие 
610 1 |a учебные пособия 
686 |a Ю93я73  |v LBC/SL-A  |2 rubbk 
700 1 |a Рубинштейн  |b С. Л.  |g Сергей Леонидович 
801 0 |a RU  |b 63413507  |c 20011209  |g PSBO 
801 2 |a RU  |b 63413507  |c 20130819  |g PSBO 
942 |c BK